Online Catalogue and eLibrary

Lakbime sath wasak : (Record no. 5288)

MARC details
000 -LEADER
fixed length control field 00427nam a2200169Ia 4500
005 - DATE AND TIME OF LATEST TRANSACTION
control field 20250704030602.0
008 - FIXED-LENGTH DATA ELEMENTS--GENERAL INFORMATION
fixed length control field 240331s9999 xx 000 0 und d
020 ## - INTERNATIONAL STANDARD BOOK NUMBER
ISBN 9559348116
082 ## - DDC Classification
Item Number - Author Mark WOL
Class No. 920
100 ## - MAIN ENTRY--PERSONAL NAME
Personal name Wolf,L
245 #0 - TITLE STATEMENT
Title Lakbime sath wasak :
Remainder of title growing
250 ## - EDITION STATEMENT
Edition statement 3rd
260 ## - PUBLICATION, DISTRIBUTION, ETC.
Place of publication, distribution, etc. Colombo
Name of publisher, distributor, etc. Sooriya Publishers
Date of publication, distribution, etc. 2001
300 ## - PHYSICAL DESCRIPTION
Extent (e.g. Volumes, Pages etc.) 287 p .,
500 ## - GENERAL NOTE
General note Sinhala Translation By Premachandra Alwis
942 ## - Koha item type (Biblio)
Koha item type Books in Stacks (Lending)
Holdings
Lost status Damaged status Collection code Home library Current library Shelving location Date acquired Full call number Accession Number Item type
    Lending WERC Library WERC Library Social Science Cupboard 03/31/2024 920 WOL 4451 Books in Stacks (Lending)

© WERC Library